Pittsburgh Steelers - Every 1st Round Pick - Statistics

General Stats
  • This quiz has been taken 30 times
  • The average score is 25 of 56
Answer Stats
Year Pick Pos. College Answer % Correct
2022 20 QB Pittsburgh Kenny Pickett
100%
2021 24 RB Alabama Najee Harris
96%
1972 13 RB Penn State Franco Harris
93%
2017 30 OLB Wisconsin TJ Watt
93%
2023 14 OT Georgia Broderick Jones
89%
1988 18 DE Eastern Kentucky Aaron Jones
86%
2025 21 DT Oregon Derrick Harmon
86%
2013 17 LB Georgia Jarvis Jones
86%
1970 1 QB Louisiana Tech Terry Bradshaw
86%
2004 11 QB Miami (OH) Ben Roethlisberger
82%
2010 18 C Florida Maurkice Pouncey
75%
2011 31 DE Ohio State Cameron Heyward
71%
2005 30 TE Virginia Heath Miller
71%
2024 20 OT Washington Troy Fautanu
71%
2003 16 DB USC Troy Polamalu
71%
2019 10 LB Michigan Devin Bush
68%
2014 15 LB Ohio State Ryan Shazier
68%
2006 25 WR Ohio State Santonio Holmes
68%
2018 28 S Virginia Tech Terrell Edmunds
68%
2015 22 OLB Kentucky Bud Dupree
64%
1974 21 WR USC Lynn Swann
64%
2008 23 RB Illinois Rashard Mendenhall
64%
2012 24 G Stanford David DeCastro
61%
2016 25 CB Miami Artie Burns
54%
2001 19 DT Texas Casey Hampton
54%
2000 8 WR Michigan State Plaxico Burress
54%
1990 21 TE Liberty Eric Green
46%
2007 15 LB Florida State Lawrence Timmons
46%
1998 26 G LSU Alan Faneca
43%
1984 23 WR Southern Miss Louis Lipps
39%
2009 32 DE Missouri Ziggy Hood
39%
1987 10 DB Purdue Rod Woodson
36%
1994 17 WR Colorado Charles Johnson
25%
1975 26 DB Michigan Dave Brown
25%
2002 30 G Auburn Kendall Simmons
25%
1995 27 TE Washington Mark Bruener
25%
1980 28 QB Arizona State Mark Malone
25%
1978 22 DB Eastern Michigan Ron Johnson
25%
1997 24 DB Maryland Chad Scott
18%
1999 13 WR Louisiana Tech Troy Edwards
18%
1983 21 DT Texas Tech Gabe Rivera
14%
1973 24 DB Florida State JT Thomas
14%
1993 23 DB Colorado Deon Figures
11%
1996 29 OT North Carolina A&T Jamain Stephens
11%
1992 11 OT Miami Leon Searcy
11%
1989 7 RB Georgia Tim Worley
11%
1976 28 TE Clemson Bennie Cunningham
7%
1971 8 WR Grambling State Frank Lewis
7%
1991 15 LB Florida Huey Richardson
7%
1977 21 LB New Mexico Robin Cole
7%
1982 12 RB Baylor Walter Abercrombie
7%
1985 20 DE Wisconsin Darryl Sims
4%
1979 28 RB Baylor Greg Hawthorne
0%
1986 9 G Temple John Rienstra
0%
1981 17 DE Oklahoma Keith Gary
0%
- 24 G Pittsburgh Tom Ricketts
0%
No matching quizzes found
Score Distribution
Percent of People with Each Score
Percentile by Number Answered
Your Score History
You have not taken this quiz